<?xml version="1.0" encoding="UTF-8"?>
<record
    xmlns:xsi="http://www.w3.org/2001/XMLSchema-instance"
    xsi:schemaLocation="http://www.loc.gov/MARC21/slim http://www.loc.gov/standards/marcxml/schema/MARC21slim.xsd"
    xmlns="http://www.loc.gov/MARC21/slim">

  <leader>01664nam1a22002891i 4500</leader>
  <controlfield tag="001">rc\3713811</controlfield>
  <controlfield tag="005">20260407151153.0</controlfield>
  <datafield tag="035" ind1=" " ind2=" ">
    <subfield code="a">(NLR Aleph) 007859017</subfield>
  </datafield>
  <datafield tag="090" ind1=" " ind2=" ">
    <subfield code="a">7796220</subfield>
    <subfield code="c">7796220</subfield>
  </datafield>
  <datafield tag="100" ind1=" " ind2=" ">
    <subfield code="a">20130115g19731974|||y0rusy50      ca</subfield>
  </datafield>
  <datafield tag="101" ind1="0" ind2=" ">
    <subfield code="a">rus</subfield>
  </datafield>
  <datafield tag="102" ind1=" " ind2=" ">
    <subfield code="a">RU</subfield>
  </datafield>
  <datafield tag="105" ind1=" " ind2=" ">
    <subfield code="a">y   ac  |||||</subfield>
  </datafield>
  <datafield tag="200" ind1="1" ind2=" ">
    <subfield code="a">&#x41F;&#x440;&#x43E;&#x438;&#x437;&#x432;&#x43E;&#x434;&#x441;&#x442;&#x432;&#x43E; &#x433;&#x43B;&#x438;&#x43D;&#x43E;&#x437;&#x435;&#x43C;&#x430;</subfield>
    <subfield code="e">&#x411;&#x438;&#x431;&#x43B;&#x438;&#x43E;&#x433;&#x440;. &#x443;&#x43A;&#x430;&#x437;. (1960-1970 &#x433;&#x433;.)</subfield>
    <subfield code="e">&#x422;. 1-2</subfield>
    <subfield code="f">&#x41C;-&#x432;&#x43E; &#x446;&#x432;. &#x43C;&#x435;&#x442;&#x430;&#x43B;&#x43B;&#x443;&#x440;&#x433;&#x438;&#x438; &#x421;&#x421;&#x421;&#x420;. &#x426;&#x435;&#x43D;&#x442;&#x440;. &#x43D;&#x430;&#x443;&#x447;.-&#x438;&#x441;&#x441;&#x43B;&#x435;&#x434;. &#x438;&#x43D;-&#x442; &#x438;&#x43D;&#x444;&#x43E;&#x440;&#x43C;&#x430;&#x446;&#x438;&#x438; &#x438; &#x442;&#x435;&#x445;&#x43D;.-&#x44D;&#x43A;&#x43E;&#x43D;. &#x438;&#x441;&#x441;&#x43B;&#x435;&#x434;&#x43E;&#x432;&#x430;&#x43D;&#x438;&#x439; &#x446;&#x432;. &#x43C;&#x435;&#x442;&#x430;&#x43B;&#x43B;&#x443;&#x440;&#x433;&#x438;&#x438;. &#x412;&#x441;&#x435;&#x441;&#x43E;&#x44E;&#x437;. &#x43D;&#x430;&#x443;&#x447;.-&#x438;&#x441;&#x441;&#x43B;&#x435;&#x434;. &#x438; &#x43F;&#x440;&#x43E;&#x435;&#x43A;&#x442;&#x43D;&#x44B;&#x439; &#x438;&#x43D;-&#x442; &#x430;&#x43B;&#x44E;&#x43C;&#x438;&#x43D;&#x438;&#x435;&#x432;&#x43E;&#x439;, &#x43C;&#x430;&#x433;&#x43D;&#x438;&#x435;&#x432;&#x43E;&#x439; &#x438; &#x44D;&#x43B;&#x435;&#x43A;&#x442;&#x440;&#x43E;&#x434;&#x43D;&#x43E;&#x439; &#x43F;&#x440;&#x43E;&#x43C;-&#x441;&#x442;&#x438; "&#x412;&#x410;&#x41C;&#x418;"</subfield>
  </datafield>
  <datafield tag="210" ind1=" " ind2=" ">
    <subfield code="a">&#x41C;&#x43E;&#x441;&#x43A;&#x432;&#x430;</subfield>
    <subfield code="c">&#x411;. &#x438;.</subfield>
    <subfield code="d">1973-1974</subfield>
  </datafield>
  <datafield tag="215" ind1=" " ind2=" ">
    <subfield code="a">2 &#x442;.</subfield>
    <subfield code="d">21</subfield>
  </datafield>
  <datafield tag="300" ind1=" " ind2=" ">
    <subfield code="a">&#x421;&#x43E;&#x441;&#x442;. &#x443;&#x43A;&#x430;&#x437;&#x430;&#x43D;&#x44B; &#x43D;&#x430; &#x43E;&#x431;&#x43E;&#x440;&#x43E;&#x442;&#x435; &#x442;&#x438;&#x442;. &#x43B;.: &#x414;.&#x41C;. &#x421;&#x43A;&#x43E;&#x440;&#x43E;&#x434;&#x43E;&#x43A;, &#x410;.&#x410;. &#x410;&#x433;&#x440;&#x430;&#x43D;&#x43E;&#x432;&#x441;&#x43A;&#x438;&#x439;, &#x411;.&#x418;. &#x410;&#x440;&#x43B;&#x44E;&#x43A;, &#x43A;&#x430;&#x43D;&#x434;&#x438;&#x434;&#x430;&#x442;&#x44B; &#x442;&#x435;&#x445;&#x43D;. &#x43D;&#x430;&#x443;&#x43A;</subfield>
  </datafield>
  <datafield tag="606" ind1=" " ind2=" ">
    <subfield code="a">&#x413;&#x43B;&#x438;&#x43D;&#x43E;&#x437;&#x435;&#x43C;&#x43D;&#x43E;&#x435; &#x43F;&#x440;&#x43E;&#x438;&#x437;&#x432;&#x43E;&#x434;&#x441;&#x442;&#x432;&#x43E;</subfield>
    <subfield code="j">&#x423;&#x43A;&#x430;&#x437;&#x430;&#x442;&#x435;&#x43B;&#x438; &#x43B;&#x438;&#x442;&#x435;&#x440;&#x430;&#x442;&#x443;&#x440;&#x44B;</subfield>
    <subfield code="2">psbo</subfield>
  </datafield>
  <datafield tag="700" ind1=" " ind2="1">
    <subfield code="a">&#x421;&#x43A;&#x43E;&#x440;&#x43E;&#x434;&#x43E;&#x43A;</subfield>
    <subfield code="b">&#x414;.&#x41C;.</subfield>
    <subfield code="4">220</subfield>
  </datafield>
  <datafield tag="701" ind1=" " ind2="1">
    <subfield code="4">220</subfield>
    <subfield code="a">&#x410;&#x440;&#x43B;&#x44E;&#x43A;</subfield>
    <subfield code="b">&#x411;. &#x418;.</subfield>
    <subfield code="f">1937-</subfield>
    <subfield code="g">&#x411;&#x43E;&#x440;&#x438;&#x441; &#x418;&#x43B;&#x44C;&#x438;&#x447;</subfield>
    <subfield code="9">144031</subfield>
    <subfield code="3">RU\NLR\AUTH\770144067</subfield>
  </datafield>
  <datafield tag="701" ind1=" " ind2="1">
    <subfield code="a">&#x410;&#x433;&#x440;&#x430;&#x43D;&#x43E;&#x432;&#x441;&#x43A;&#x438;&#x439;</subfield>
    <subfield code="b">&#x410;.&#x410;.</subfield>
    <subfield code="4">220</subfield>
  </datafield>
  <datafield tag="712" ind1="0" ind2="2">
    <subfield code="a">&#x426;&#x41D;&#x418;&#x418; &#x438;&#x43D;&#x444;&#x43E;&#x440;&#x43C;&#x430;&#x446;&#x438;&#x438; &#x438; &#x442;&#x435;&#x445;&#x43D;&#x438;&#x43A;&#x43E;-&#x44D;&#x43A;&#x43E;&#x43D;&#x43E;&#x43C;&#x438;&#x447;&#x435;&#x441;&#x43A;&#x438;&#x445; &#x438;&#x441;&#x441;&#x43B;&#x435;&#x434;&#x43E;&#x432;&#x430;&#x43D;&#x438;&#x439; &#x446;&#x432;&#x435;&#x442;&#x43D;&#x43E;&#x439; &#x43C;&#x435;&#x442;&#x430;&#x43B;&#x43B;&#x443;&#x440;&#x433;&#x438;&#x438;</subfield>
    <subfield code="c">&#x41C;&#x43E;&#x441;&#x43A;&#x432;&#x430;</subfield>
    <subfield code="3">RU\NLR\AUTH\8810026380</subfield>
    <subfield code="9">550967</subfield>
  </datafield>
  <datafield tag="801" ind1=" " ind2="0">
    <subfield code="a">RU</subfield>
    <subfield code="b">NLR</subfield>
    <subfield code="g">psbo</subfield>
  </datafield>
  <datafield tag="801" ind1=" " ind2="1">
    <subfield code="a">RU</subfield>
    <subfield code="b">ELAR</subfield>
    <subfield code="2">rusmarc</subfield>
  </datafield>
  <datafield tag="852" ind1=" " ind2=" ">
    <subfield code="a">NLR</subfield>
    <subfield code="j">&#x421;337-410/&#x421;44</subfield>
  </datafield>
  <datafield tag="942" ind1=" " ind2=" ">
    <subfield code="c">BOOK</subfield>
  </datafield>
</record>
